Normal view
MARC view
- Prouty, Raymond W
Entry Personal Name
001 - CONTROL NUMBER
- control field: 111015
003 - CONTROL NUMBER IDENTIFIER
- control field: NUST
005 - DATE AND TIME OF LATEST TRANSACTION
- control field: 20230322102531.0
008 - FIXED-LENGTH DATA ELEMENTS
- fixed length control field: 230322|| aca||aabn | a|a d
040 ## - CATALOGING SOURCE
- Original cataloging agency: NUST
- Transcribing agency: NUST
100 ## - HEADING--PERSONAL NAME
- Personal name: Prouty, Raymond W
670 ## - SOURCE DATA FOUND
- Source citation: Work cat.: (NUST)0: Prouty, Raymond W., Military helicopter design technology /, 1998.
